000 00856nam a2200229 a 4500
001 000013780
005 20240307073945.0
008 091130s1983 dr a 001 0 spa d
040 _aDO-SdBNP
_bspa
_cBNPHU
082 _axxxx
_bC764c
245 0 0 _aContribuciones cima /.
260 _aSanto Domingo :
_bUASD,
_c1983.
300 _aviii, 598 p. :
_bil., gráf., map. ;
_c21 cm.
490 1 _aCiencia y tecnología
_vno. 15
490 1 _aPublicaciones de la Universidad Autónoma de Santo Dominigo
_v311.
500 _aIncluye referencias bibliográficas y notas al pie de las páginas
504 _aIncluye bibliografía (p. 429-430)
710 1 _aUniversidad Autónoma de Santo Domingo
_972951
830 0 _aPublicaciones de la Universidad Autónoma de Santo Dominigo
_v311.
_931270
830 0 _aCiencia y tecnología
_vno. 15
_917780
049 _aBNPD
999 _c13392
_d13392